| 000 | 005840000a22001690004500 | ||
|---|---|---|---|
| 008 | 230817t2001 ||||| |||| 00| 0 eng d | ||
| 020 | _a0891840516 | ||
| 082 |
_a303.48 _bDAG |
||
| 100 | _aDagron, Alfonso Gumucio | ||
| 245 |
_aMaking Waves: _bStories of Participatory Communication for Social Change |
||
| 260 |
_aNew York: _bThe Rockefeller Foundation, _c2001 |
||
| 300 | _avi. 352 p. | ||
| 650 | _aSOCIAL CHANGE-Cross-cultural studies | ||
| 650 | _aCommunication-Cross-cultural studies | ||
| 856 | _uhttps://www.ircwash.org/sites/default/files/Gumucio-2001-Making.pdf | ||
| 942 | _cRP | ||
| 999 |
_c227 _d227 |
||